| 000 | 005610000a22002170004500 | ||
|---|---|---|---|
| 003 | LK-CoMWRAF | ||
| 005 | 20230926190221.0 | ||
| 008 | 230817t ||||| |||| 00| 0 eng d | ||
| 020 | _a9839900889 | ||
| 040 |
_aLK-CoMWRAF _dLK-CoMWRAF _eLK-CoMWRAF |
||
| 041 | _aeng | ||
| 082 |
_a297.577 _bKAS |
||
| 100 | _aKasim, Zaitun Mohamed | ||
| 245 | _aIslam and Polygamy | ||
| 260 |
_aMalaysia : _bSisters in Islam, _c2002 |
||
| 300 | _a21p | ||
| 490 | _aSisters in Islam | ||
| 650 | _aMarriage (Islamic Law) | ||
| 650 | _aReligious Aspects Islam | ||
| 942 | _cBK | ||
| 999 |
_c1748 _d1748 |
||